Statistics for 7 Wonders of the world

Click here to take the quiz!

General Stats

  • This quiz has been taken 25 times
  • The average score is 10 of 21

Answer Stats

% Correct
AncientGreat Pyramids of Giza
79%
Hanging Garden of Babylon
79%
Great Wall of China
74%
Colossus of Rhodes
63%
Lighthouse of Alexandria
63%
Machu Picchu
58%
ModernTaj Mahal
58%
Temple of Artemis
58%
Statue of Zeus
53%
the Grand Canyon
53%
Chichen Itza
47%
Christ the Redeemer
47%
Colosseum
42%
Mausoleum of Halicarnassus
42%
Mount Everest
37%
Victoria Falls
32%
Petra
26%
the Great Barrier Reef
16%
Harbor of Rio De Janeiro
11%
NaturalNorthern Lights
11%
Paricutin
5%

Score Distribution

Percentile by Number Answered

Percent of People with Each Score

Your Score History

You have not taken this quiz